Gaps in international environmental law toward a global pact for the environment /

Detalles Bibliográficos
Autor principal: Tigre, Maria Antonia
Formato: eBook
Lenguaje:inglés
Publicado: Washington DC: Environmental Law Institute, 2020
Materias:
Acceso en línea:Acceso restringido

MARC

LEADER 00000nam a22000007a 4500
005 2022091900130.0
007 cr|||| ||||
008 220919s2020 us |||||s|||| 00||0 eng d
020 |a 978-1-58576-219-4 
035 |a 36373 
040 |a vLex 
090 |c 13932  |d 13932 
100 1 |a Tigre, Maria Antonia 
245 1 0 |a Gaps in international environmental law  |h [Recurso electrn̤ico] /  |b toward a global pact for the environment /  |c Maria Antonia Tigre 
256 |a Servicio en ln̕ea 
260 |a Washington DC:  |b Environmental Law Institute,  |c 2020 
300 |a 1 recurso electrn̤ico 
500 |a This book informs those discussions, providing a deep dive into the challenges that characterize international environmental law today as well as the necessary background on the past five decades during which these frameworks were created 
506 1 |a Disponible solo en los productos indicados  |d vLex Global  |d vLex Global (Academic Edition, excluding Law Schools)  |d vLex Global (Academic Edition, Law Schools) 
650 0 4 |a Derecho del Medio Ambiente  |z Estados Unidos 
740 0 |a vLex Libros (Servicio en ln̕ea) 
856 4 0 |u https://app.vlex.com/#/sources/36373  |z Acceso restringido 
942 |c BOOK 
999 0 |a Environmental Law